Slovník propagace

Salvato in:
Dettagli Bibliografici
Autore principale: Pavlů, Dušan
Natura: Libro
Lingua:ceco
Pubblicazione: Praha Merkur 1983
Tags: Aggiungi Tag
Nessun Tag, puoi essere il primo ad aggiungerne!!

MARC

LEADER 00000nam a2200000 4500
001 c115329
005 20041019155201.0
041 0 |a cze 
044 |a CZ 
245 1 0 |a Slovník propagace  |c Dušan Pavlů a kol. 
264 1 |a Praha  |b Merkur  |c 1983 
300 |a 246 s. 
100 1 |a Pavlů, Dušan